000 00339nam a2200145Ia 4500
008 150201s2007 xx 000 0 und d
082 _a618.1
_bH09J
100 _aJAMES,DK
245 _aHIGH RISK PREGNANCY MGT. OPTIONS
250 _a3RD
260 _bELSEVIER
_aDELHI
_c2007
300 _a1-1791
650 _aPAEDIATRICS
942 _2ddc
_cBK
999 _c576
_d576